Score 0/24 Timer 03:00
0 Plays Today
Phrase Missing Word % Correct
_____ of spadesace
99.6%
_____ of ArcJoan
96.8%
_____ of kinnext
93.5%
_____ of famehall
93.1%
_____ of ShebaQueen
91.6%
_____ of ceremoniesmaster
91.6%
_____ of mouthword
88.5%
_____ of gabgift
86.2%
_____ of youthfountain
85.1%
_____ of drawerschest
84.5%
_____ of GibraltarRock
82.8%
_____ of measurementunit
81.7%
Phrase Missing Word % Correct
_____ of relativitytheory
81.4%
_____ of WightIsle
76.3%
_____ of limitationsstatute
74.5%
_____ of absenceleave
71.7%
_____ of confidencevote
71.5%
_____ of ColumbusKnights
70.2%
_____ of contentionbone
69%
_____ of callport
68.2%
_____ of grandeurdelusions
59.8%
_____ of aleyard
48.4%
_____ of magnitudeorder
45.4%
_____ of AquitaineEleanor
41.6%

Today's Daily Dose

Missing Word
'T' Pairs

Word Ladder
Game Pieces

Get the Picture
Baseball Movies

Remove Ads.
Support Sporcle.
Get the best of Sporcle when you Go Orange. This ad-free experience offers more features, more stats, and more fun while also helping to support Sporcle. Thank you for becoming a member.

You're not logged in!

Compare scores with friends on all Sporcle quizzes.
OR
Log In

Show Comments

Extras

Top Quizzes Today


Score Distribution

Your Account Isn't Verified!

In order to create a playlist on Sporcle, you need to verify the email address you used during registration. Go to your Sporcle Settings to finish the process.

Report this User

Report this user for behavior that violates our Community Guidelines.

Details: